000 00502nam a2200181Ia 4500
005 20250923144301.0
008 008 250917s9999 xx 000 0 eng d
037 _aTextual
040 _aDSWL
_beng
_cDSWL
041 _aeng
_2eng
084 _aL:4:1v, H6
_qDSWL
100 _aGelinas, Anges
_9823223
245 0 _aNursing and nursing education
_cby Anges Gelinas
260 _aNew York
_c1946
300 _a72 p.
942 _cTEXL
_hL:4:1v, H6
999 _c1436996
_d1436996